000 00961nam a2200301 i 4500
001 17984
003 ES-MaACL
005 20230906151731.0
007 t|
008 010809s1992 sp ||||1| spa d
020 _a84-375-0310-8
080 _a796:316
080 _a316:796
080 _a379.8
100 1 _aElias, Norbert.
_946969
245 1 0 _aDeporte y ocio en el proceso de la civilización /
_cNorbert Elias y Eric Dunning ; traducción de Purificación Jiménez.
250 _a1ª ed. en español.
260 _aMéxico ;
_aMadrid :
_bFondo de Cultura Económica,
_c1992.
300 _a349 p. ;
_c22 cm.
490 1 _aSección de obras de sociología
650 1 4 _aDeportes-
_xAspectos sociales.
_911592
650 1 4 _aOcio.
_915680
700 1 _aDunning, Eric.
_946064
700 1 _aJiménez, Purificación.
_966433
830 0 _aSección de obras de sociología
_9179836
852 _aES-MaACL
_jL-24811
_bR.130071
999 _c17984
_d17984